000 00432nam a22001457a 4500
082 _a512.9434
_bSCH
_cL-2, P-70
100 _aSchwartz
_939313
245 _aIntroduction to matrices and vectors
_cSchwartz
250 _aInternational Student Ed
260 _aNew York
_bKogakusha Compnay Ltd
_c1961
300 _avii, 160 p. :
_bill, ;
_c20 cm.
526 _a0
_b0
_c0
_d512_943400000000000_SCH
650 _aMCE
_9379
942 _2ddc
_cBK
999 _c543814
_d543814